000 00489nam a2200181Ia 4500
005 20250508154506.0
008 008 250505s9999 xx 000 0 eng d
037 _aTextual
040 _aFEDL
_beng
_cFEDL
041 _aeng
_2eng
084 _a808.1, KOR
_qFEDL
100 _aKorg Jacob
245 0 _aIntroducation to poetry
260 _aNew York, USA
_bHolt, Rinehart and Winston
_c1964
300 _a72p.
942 _cTEXL
_h808.1, KOR
999 _c1350570
_d1350570